000 00266nam a22001217a 4500
008 180205b xxu||||| |||| 00| 0 eng d
041 _aeng
080 _a159.9
100 _a48
101 _aPSI
245 _aDECISION FOR LEADERS
_cTHOMAS.L.S
942 _2udc
_cBK
999 _c41738
_d41738